The emerging challenges to Christian mission today : (Record no. 715)
[ view plain ]
| 000 -LEADER | |
|---|---|
| fixed length control field | 01506cam a22004215a 4500 |
| 001 - CONTROL NUMBER | |
| control field | 19484973 |
| 003 - CONTROL NUMBER IDENTIFIER | |
| control field | GBCCL |
| 005 - DATE AND TIME OF LATEST TRANSACTION | |
| control field | 20241126110344.0 |
| 008 - FIXED-LENGTH DATA ELEMENTS--GENERAL INFORMATION | |
| fixed length control field | 161020s2016 ii 000 0 eng d |
| 010 ## - | |
| -- | 2016362548 |
| 020 ## - INTERNATIONAL STANDARD BOOK NUMBER | |
| International Standard Book Number | 9789351481560 |
| 020 ## - INTERNATIONAL STANDARD BOOK NUMBER | |
| International Standard Book Number | 9351481565 |
| 025 ## - OVERSEAS ACQUISITION NUMBER | |
| Overseas acquisition number | I-E-2016362548 ; 13-91 |
| 035 ## - SYSTEM CONTROL NUMBER | |
| System control number | (OCoLC)ocn960955355 |
| 035 ## - SYSTEM CONTROL NUMBER | |
| System control number | (OCoLC)960955355 |
| Canceled/invalid control number | (OCoLC)960836092 |
| 037 ## - SOURCE OF ACQUISITION | |
| Source of stock number/acquisition | Library of Congress -- New Delhi Overseas Office |
| 040 ## - CATALOGING SOURCE | |
| Original cataloging agency | MR4 |
| Transcribing agency | MR4 |
| Modifying agency | OCLCF |
| -- | OCLCO |
| -- | YDX |
| -- | DKAGE |
| -- | DLC |
| 042 ## - | |
| -- | lccopycat |
| -- | lcode |
| 050 #4 - | |
| -- | BV2061.3 |
| -- | E447 2016 |
| 082 04 - DEWEY DECIMAL CLASSIFICATION NUMBER | |
| Classification number | 266 |
| Edition information | 23 |
| Item number | EME |
| 245 04 - TITLE STATEMENT | |
| Title | The emerging challenges to Christian mission today : |
| Remainder of title | revisioning mission from religious, cultural, historical & women perspectives / |
| Statement of responsibility, etc. | edited by S.M. Michael & Jose Joseph. |
| 264 #1 - PRODUCTION, PUBLICATION, DISTRIBUTION, MANUFACTURE, AND COPYRIGHT NOTICE | |
| Place of production, publication, distribution, manufacture | New Delhi : |
| Name of producer, publisher, distributor, manufacturer | Christian World Imprints, |
| Date of production, publication, distribution, manufacture, or copyright notice | 2016 |
| 264 #4 - PRODUCTION, PUBLICATION, DISTRIBUTION, MANUFACTURE, AND COPYRIGHT NOTICE | |
| Date of production, publication, distribution, manufacture, or copyright notice | ©2016 |
| 300 ## - PHYSICAL DESCRIPTION | |
| Extent | ix, 296 pages ; |
| Dimensions | 24 cm. |
| 336 ## - CONTENT TYPE | |
| Content type term | text |
| Content type code | txt |
| Source | rdacontent |
| 337 ## - MEDIA TYPE | |
| Media type term | unmediated |
| Media type code | n |
| Source | rdamedia |
| 338 ## - CARRIER TYPE | |
| Carrier type term | volume |
| Carrier type code | nc |
| Source | rdacarrier |
| 650 #0 - SUBJECT ADDED ENTRY--TOPICAL TERM | |
| Topical term or geographic name entry element | Missions. |
| 9 (RLIN) | 885 |
| 650 #0 - SUBJECT ADDED ENTRY--TOPICAL TERM | |
| Topical term or geographic name entry element | Christianity and other religions. |
| 9 (RLIN) | 12 |
| 650 #0 - SUBJECT ADDED ENTRY--TOPICAL TERM | |
| Topical term or geographic name entry element | Christianity and culture. |
| 9 (RLIN) | 886 |
| 650 #0 - SUBJECT ADDED ENTRY--TOPICAL TERM | |
| Topical term or geographic name entry element | Salvation |
| General subdivision | Christianity. |
| 9 (RLIN) | 887 |
| 650 #0 - SUBJECT ADDED ENTRY--TOPICAL TERM | |
| Topical term or geographic name entry element | Conversion |
| General subdivision | Christianity. |
| 9 (RLIN) | 888 |
| 700 1# - ADDED ENTRY--PERSONAL NAME | |
| Personal name | Michael, S. M. |
| Fuller form of name | (Sebastian Maria), |
| Dates associated with a name | 1950- |
| Relator term | editor. |
| 9 (RLIN) | 889 |
| 700 1# - ADDED ENTRY--PERSONAL NAME | |
| Personal name | Joseph, Jose, |
| Relator term | editior. |
| 9 (RLIN) | 890 |
| 906 ## - LOCAL DATA ELEMENT F, LDF (RLIN) | |
| a | 7 |
| b | par |
| c | copycat |
| d | 3 |
| e | ncip |
| f | 20 |
| g | y-gencatlg |
| 942 ## - ADDED ENTRY ELEMENTS (KOHA) | |
| Source of classification or shelving scheme | Dewey Decimal Classification |
| Koha item type | Books |
| Koha issues (borrowed), all copies | 21 |
| Withdrawn status | Lost status | Source of classification or shelving scheme | Damaged status | Not for loan | Home library | Current Library | Shelving location | Date acquired | Total checkouts | Total renewals | Full call number | Barcode | Date last seen | Date last checked out | Copy number | Price effective from | Koha item type |
|---|---|---|---|---|---|---|---|---|---|---|---|---|---|---|---|---|---|
| Dewey Decimal Classification | GRACE BIBLE COLLEGE | GRACE BIBLE COLLEGE | Ministry & Mission | 2017-03-10 | 26 | 10 | 266 EME | 014222 | 2025-05-01 | 2025-03-05 | c.1 | 2017-03-10 | Books |